La prescripción de la acción penal y el fallo "Levinas". Necesidad de una reforma al art. 67 del Código Penal / (Registro nro. 5605)
[ vista simple ]
| 000 -LEADER | |
|---|---|
| fixed length control field | 01319nab a22002417a 4500 |
| 003 - CONTROL NUMBER IDENTIFIER | |
| control field | OSt |
| 005 - DATE AND TIME OF LATEST TRANSACTION | |
| control field | 20251222102857.0 |
| 008 - FIXED-LENGTH DATA ELEMENTS--GENERAL INFORMATION | |
| fixed length control field | 190429b xxu||||| |||| 00| 0 spa d |
| 040 ## - CATALOGING SOURCE | |
| Transcribing agency | PJ |
| 100 ## - MAIN ENTRY--PERSONAL NAME | |
| 9 (RLIN) | 6580 |
| Personal name | Carrió, Francisco |
| 245 13 - TITLE STATEMENT | |
| Title | La prescripción de la acción penal y el fallo "Levinas". Necesidad de una reforma al art. 67 del Código Penal / |
| Statement of responsibility, etc | Francisco Carrió. |
| 260 ## - PUBLICATION, DISTRIBUTION, ETC. (IMPRINT) | |
| Date of publication, distribution, etc | Ciudad Autónoma de Buenos Aires : |
| Place of publication, distribution, etc | Thomson Reuters La Ley, |
| Name of publisher, distributor, etc | 2025. |
| 300 ## - PHYSICAL DESCRIPTION | |
| Extent | p. 5-7 |
| 500 ## - GENERAL NOTE | |
| General note | Cita: AR/DOC/1252/2025. |
| 505 ## - FORMATTED CONTENTS NOTE | |
| Formatted contents note | Sumario: I. Introducción.— II. Consecuencias de la instancia adicional en materia penal.— III. ¿Cuándo prescribe la acción penal respecto de una persona condenada?— IV. ¿Cuándo queda firme una sentencia condenatoria?— V. Posibles consecuencias del agregado de una instancia adicional.— VI. Propuesta de reforma legislativa. |
| 505 ## - FORMATTED CONTENTS NOTE | |
| Title | Si te interesa el texto completo, solicitalo a koha@justierradelfuego.gov.ar |
| 650 #0 - SUBJECT ADDED ENTRY--TOPICAL TERM | |
| 9 (RLIN) | 343 |
| Topical term or geographic name as entry element | DERECHO PENAL |
| 650 #0 - SUBJECT ADDED ENTRY--TOPICAL TERM | |
| 9 (RLIN) | 822 |
| Topical term or geographic name as entry element | CORTE SUPREMA DE JUSTICIA DE LA NACION |
| 650 #0 - SUBJECT ADDED ENTRY--TOPICAL TERM | |
| 9 (RLIN) | 2397 |
| Topical term or geographic name as entry element | COMPETENCIA |
| 650 #0 - SUBJECT ADDED ENTRY--TOPICAL TERM | |
| 9 (RLIN) | 3972 |
| Topical term or geographic name as entry element | COMPETENCIA CIVIL |
| 773 0# - HOST ITEM ENTRY | |
| Host Biblionumber | 2658 |
| Host Itemnumber | 3164 |
| Title | Revista de derecho penal y criminología. Nº 7 - Agosto 2025 |
| Place, publisher, and date of publication | Ciudad Autónoma de Buenos Aires : Thomson Reuters La Ley, 2017- |
| International Standard Serial Number | 00347914 |
| 942 ## - ADDED ENTRY ELEMENTS (KOHA) | |
| Source of classification or shelving scheme | |
| Koha item type | Analítica Artículo de Revista |
No hay ítems disponibles.
